000 01070 am a2200313 a 4500
005 20240522090619.0
008 100329s1996||||ag d f |||| 001 0 spa d
020 _a9879517342
041 _aspa
092 _c617.028
_l10
_sCAM
100 1 _aCámera, Mario I.
_9385
245 _aAsistencia respiratoria mecánica /
_cMario I. Cámera.
250 _a1a ed.
260 _aBuenos Aires:
_bSociedad Argentina de Medicina;
_c1996.
300 _a341 p.
500 _aCámera, M. I. et al. (1996). Asistencia respiratoria mecánica. (1a ed.). Buenos Aires : Sociedad Argentina de Medicina.
590 _aDonación J. M. Alfonso, Mayo 2008
653 _aVentilación mecánica
653 _aAsistencia respiratoria
653 _aSindrome de distress respiratorio agudo del adulto
653 _aTraumatismo de tórax
700 1 _aGonzález Bernaldo de Quiroz, Fernán.
_9386
700 1 _aAlonzo, Claudia.
_9387
700 1 _aBenito, Salvador
_9388
700 1 _aGallesio, Antonio
_9389
700 1 _aCámera, Luis
_9390
930 _a1931
942 _2ddc
_cBK
999 _c191
_d191